| 000 | 00823cam a22002531 4500 | ||
|---|---|---|---|
| 001 | ca 34002094 | ||
| 003 | DLC | ||
| 005 | 20260227111136.0 | ||
| 007 | cr_||||||||||| | ||
| 008 | 891113s1873 maua 000 0 eng | ||
| 010 | _aca 34002094 | ||
| 035 | _a(OCoLC)20640426 | ||
| 040 |
_aDLC _cRPB _dRPB _dDLC |
||
| 042 | _apremarc | ||
| 050 | 0 | 0 |
_aPS1059.B22 _bS4 1873 |
| 082 | _a812.4 | ||
| 100 | 1 |
_aBaker, George Melville, _d1832-1890. |
|
| 245 | 1 | 0 |
_aSeeing the elephant, _cby the author of "Sylvia's soldier", "Once on a time" ... |
| 260 |
_aBoston, _bG.M. Baker & Co. _c[1873] |
||
| 300 |
_a1 p. l., p. 69-92. _b1 illus. _c19 cm. |
||
| 490 | 0 |
_aThe amateur drama. _v[no. 10] |
|
| 530 | _aAlso available in digital form on the Internet Archive Web site. | ||
| 856 | 4 | 1 | _uhttp://hdl.loc.gov/loc.gdc/scd0001.00157854100 |
| 999 |
_c17691 _d17691 |
||